Thao túng tâm lý trong giao tiếp : Thủ thuật tâm lý giúp nhận diện hành vi thao túng và bảo vệ bản thân khỏi sự kiểm soát của đối phương

Cung cấp những kiến thức hữu ích để làm chủ trong đối thoại, giúp bạn có được những cách thức đối phó và bảo vệ bản thân khỏi sự kiểm soát của đối phương

Na minha lista:
Detalhes bibliográficos
Autor principal: Dr. Hiro
Formato: Livro
Idioma:Vietnamese
Publicado em: H. Dân trí 2024
Assuntos:
Tags: Adicionar Tag
Sem tags, seja o primeiro a adicionar uma tag!
Thư viện lưu trữ: Thư viện Trường Đại học Nam Cần Thơ
LEADER 01101nam a22001937a 4500
001 NCT_4_023731
008 191031b xxu||||| |||| 00| 0 vie d
999 |c 9167  |d 9167 
020 |a 9786044027562  |c 169000 
082 0 4 |2 23rd ed.  |a 158.2  |b H668 
100 0 |a Dr. Hiro 
245 1 0 |a Thao túng tâm lý trong giao tiếp :  |b Thủ thuật tâm lý giúp nhận diện hành vi thao túng và bảo vệ bản thân khỏi sự kiểm soát của đối phương  |c Dr. Hiro 
260 |a H.   |b Dân trí  |c 2024 
300 |a 279 tr.  |b Minh hoạ  |c 19 cm 
520 3 |a Cung cấp những kiến thức hữu ích để làm chủ trong đối thoại, giúp bạn có được những cách thức đối phó và bảo vệ bản thân khỏi sự kiểm soát của đối phương 
653 |a Tham khảo 
942 |2 ddc  |c BK 
952 |0 0  |1 0  |2 ddc  |4 0  |6 158_200000000000000_H668  |7 0  |9 31039  |a 000001  |b 000001  |d 2025-06-30  |o 158.2 H668  |p TK.05486  |r 2025-06-30  |v 169000.00  |w 2025-06-30  |y BK 
980 |a Thư viện Trường Đại học Nam Cần Thơ